000
00327nam a22001457a 4500
003
SGT
020
_a
81-239-0424-X
082
_a
614, H14G
100
_a
GUPTA, A.K.
245
_a
HAND BOOK OF HEATH EDUCATION AND COMMUNITY PHARMACY
260
_a
DELHI
_b
CBS
_c
2014
300
_a
300
650
_a
COMMUNITY
942
_2
ddc
_c
BK
_0
9
999
_c
8155
_d
8155